000
00292nam a22001337a 4500
008
170921b xxu||||| |||| 00| 0 eng d
020
_a
070252130
041
_a
eng
080
_a
7
100
_a
45
101
_a
ART
245
_a
NORMAN ROCKWELL ILLUSTRATOR
_c
GUPTILL,A.L
942
_2
udc
_c
BK
999
_c
28654
_d
28654